Normal view MARC view

Entry Topical Term

Number of records used in: 1

001 - CONTROL NUMBER

  • control field: 17434

003 - CONTROL NUMBER IDENTIFIER

  • control field: VITAP

005 - DATE AND TIME OF LATEST TRANSACTION

  • control field: 20260429171122.0

008 - FIXED-LENGTH DATA ELEMENTS

  • fixed length control field: 260429|| aca||babn | a|a d

040 ## - CATALOGING SOURCE

  • Original cataloging agency: VITAP

150 ## - HEADING--TOPICAL TERM

  • Topical term or geographic name entry element: Organizational Behavior, Individual Behavior, Motivation, Emotions and Moods, Attitudes and Job Satisfaction, Group Behavior etc.

Visitor Number: